000
00282nam a22001217a 4500
008
170623b xxu||||| |||| 00| 0 eng d
041
_a
eng
080
_a
32
100
_a
21
101
_a
SHP
245
_a
TRANSFORMATIONS OF THE AMERICAN PARTY SYSTEM
_c
LADD, E.C
942
_2
udc
_c
BK
999
_c
18854
_d
18854